<?xml version="1.0" encoding="UTF-8"?>
<record
    xmlns:xsi="http://www.w3.org/2001/XMLSchema-instance"
    xsi:schemaLocation="http://www.loc.gov/MARC21/slim http://www.loc.gov/standards/marcxml/schema/MARC21slim.xsd"
    xmlns="http://www.loc.gov/MARC21/slim">

  <leader>01050nam a2200229Ia 4500</leader>
  <controlfield tag="003">IN-BaIIA</controlfield>
  <controlfield tag="008">211028s9999    xx            000 0 eng d</controlfield>
  <datafield tag="020" ind1=" " ind2=" ">
    <subfield code="a">978-1-58381-685-1</subfield>
  </datafield>
  <datafield tag="040" ind1=" " ind2=" ">
    <subfield code="c">IIA Library</subfield>
  </datafield>
  <datafield tag="080" ind1=" " ind2=" ">
    <subfield code="a">082.2:52</subfield>
    <subfield code="b">ASP-404</subfield>
  </datafield>
  <datafield tag="111" ind1=" " ind2=" ">
    <subfield code="a">The Eighth Pacific Rin Conference on Stellar Astrophysics: A Tribute To Kam Ching Leung</subfield>
    <subfield code="c">Merlin Beach Hotel, Phuket</subfield>
    <subfield code="d">2009 May 5-9</subfield>
    <subfield code="9">33064</subfield>
  </datafield>
  <datafield tag="245" ind1=" " ind2="0">
    <subfield code="a">Stellar Astrophysics</subfield>
    <subfield code="b">proceedings of the the eighth pacific rin Conference on Stellar Astrophysics, a tribute to Kam Ching Leung, held in Merlin Beach Hotel, Phuket, Thailand, 5-9 May 2009</subfield>
    <subfield code="c">edited by B.Soonthornthum,S. Komonjinda and K. S Cheng </subfield>
  </datafield>
  <datafield tag="260" ind1=" " ind2=" ">
    <subfield code="a">San Francisco</subfield>
    <subfield code="b">Astronomical Society of the Pacific</subfield>
    <subfield code="c">2009</subfield>
  </datafield>
  <datafield tag="300" ind1=" " ind2=" ">
    <subfield code="a">[various pagings.]</subfield>
  </datafield>
  <datafield tag="650" ind1=" " ind2=" ">
    <subfield code="a">Binary Stars - congresses</subfield>
    <subfield code="9">31866</subfield>
  </datafield>
  <datafield tag="650" ind1=" " ind2=" ">
    <subfield code="a">Stellar Astrophysics - congresses</subfield>
    <subfield code="9">32981</subfield>
  </datafield>
  <datafield tag="650" ind1=" " ind2=" ">
    <subfield code="a">SuperNovae - congresses</subfield>
    <subfield code="9">30773</subfield>
  </datafield>
  <datafield tag="700" ind1=" " ind2=" ">
    <subfield code="a">Cheng, K. S., ed.</subfield>
    <subfield code="9">22910</subfield>
  </datafield>
  <datafield tag="700" ind1=" " ind2=" ">
    <subfield code="a">Komonjinda, S., ed.</subfield>
    <subfield code="9">33065</subfield>
  </datafield>
  <datafield tag="700" ind1=" " ind2=" ">
    <subfield code="a">Soonthornthum, B., ed.</subfield>
    <subfield code="9">33066</subfield>
  </datafield>
  <datafield tag="942" ind1=" " ind2=" ">
    <subfield code="c">BK</subfield>
  </datafield>
  <datafield tag="999" ind1=" " ind2=" ">
    <subfield code="c">17498</subfield>
    <subfield code="d">17498</subfield>
  </datafield>
  <datafield tag="952" ind1=" " ind2=" ">
    <subfield code="0">0</subfield>
    <subfield code="1">0</subfield>
    <subfield code="4">0</subfield>
    <subfield code="7">0</subfield>
    <subfield code="a">BAN</subfield>
    <subfield code="b">BAN</subfield>
    <subfield code="c">GEN</subfield>
    <subfield code="d">2009-10-23</subfield>
    <subfield code="e">APP   </subfield>
    <subfield code="g">3109.20</subfield>
    <subfield code="l">0</subfield>
    <subfield code="o">082.2:52/ ASP-404</subfield>
    <subfield code="p">18420</subfield>
    <subfield code="r">2021-11-05</subfield>
    <subfield code="v">3109.20</subfield>
    <subfield code="w">2009-10-23</subfield>
    <subfield code="y">BK</subfield>
    <subfield code="G">Rs. 3109.20  </subfield>
  </datafield>
</record>
